000 00718nam a2200277 i 4500
001 C2-0096628
003 PPAK
005 20180727093727.0
008 970518s1995 my a|||| ||||| | may d
020 _a9679148572
040 _aPPAK
_beng
_cPPAK
_erda
082 0 4 _a516
_223
090 0 0 _a516
_bSMO
_dR
090 0 0 _a516
_bSMO
_dRK
100 1 _aSmoothey, Marion,
_eauthor
245 1 0 _aBentuk
264 1 _aShah Alam, Selangor :
_bFederal ,
_c1995
300 _a64 pages :
_bcolour illustrations ;
_c26 cm
336 _2rdacontent
_atext
337 _2rdamedia
_aunmediated
338 _2rdacarrier
_avolume
490 1 _aMari mengkaji
650 1 0 _aGeotmetry
830 0 _aMari mengkaji
942 _ddc
_cB
999 _c20948
_d20948